000 00991nam1a22002411i 4500
001 rc\3571220
005 20260405053339.0
035 _a(NLR Aleph) 007800718
090 _a7681943
_c7681943
100 _a20130115d1974 |||y0rusy50 ca
101 0 _arus
102 _aRU
105 _a z |||||
200 1 _aПроблемы космохимии
_e[Сборник статей
_fОтв. ред. д-р геол.-минерал. наук Э.В. Соботович]. [Вып. 1]
_gАН УССР. Ин-т геохимии и физики минералов
210 _aКиев
_cНаук. думка
_d1974
215 _d20
320 _aСписки лит. в конце статей
606 _aКосмическая химия
_jСборники
_2psbo
702 1 _4340
_8rus
_7ca
_aСоботович
_bЭ. В.
_f1927-2013
_gЭмлен Владимирович
_3RU\NLR\AUTH\7717200
_9290
801 0 _aRU
_bNLR
_gpsbo
801 1 _aRU
_bELAR
_2rusmarc
852 _aNLR
_j73-3/13193
942 _cBOOK